| 000 -ლიდერი |
| ფიქსირებული სიგრძის საკონტროლო ველი |
01485nam a22002417a 4500 |
| 003 - საკონტროლო ნომრის იდენტიფიკატორი |
| საკონტროლო ველი |
Ge_BSU |
| 005 - ბოლო ოპერაციის თარიღი და დრო |
| საკონტროლო ველი |
20231124114115.0 |
| 008 - ფიქსირებული სიგრძის მონაცემთა ელემენტები - ზოგადი ინფორმაცია |
| ფიქსირებული სიგრძის საკონტროლო ველი |
231124s2022 ge ||||| |||| 00| 0 geo d |
| 020 ## - წიგნის საერთაშორისო სტანდარტული ნომერი |
| International Standard Book Number |
9789941488627 |
| 041 ## - ენის კოდი |
| Language code of text/sound track or separate title |
geo |
| 080 ## - უნივერსალური ათობითი კლასიფიკაციის ინდექსი |
| Universal Decimal Classification number |
339.924(063)+338.22(063) ს-12 |
| 245 ## - ცნობა სათაურის შესახებ |
| Title |
საერთაშორისო სამეცნიერო კონფერენცია „ეკონომიკისა და ბიზნესის გლობალური გამოწვევები და მდგრადი განვითარება“ / |
| Remainder of title |
აბსტრაქტების კრებული. |
| Statement of responsibility, etc |
|
| 264 ## - წარმოების, გამოცემის, დისტრიბუციის და სხვა ცნობები |
| გამოცემის, წარმოების, დისტრიბუციის... ადგილი |
ბათუმი : |
| გამოცემის, წარმოების, დისტრიბუციის... სახელწოდება |
ბსუ, |
| გამოცემის, წარმოების, დისტრიბუციის... თარიღი |
2022. |
| 300 ## - ფიზიკური აღწერა |
| Extent |
202 გვ.: |
| Other physical details |
29 სმ. |
| 500 ## - ზოგადი შენიშვნა |
| General note |
პარალ. სათ. ინგლ. ენაზე |
| 504 ## - BIBLIOGRAPHY, ETC. NOTE |
| Bibliography, etc |
ბიბლიოგრ. თავების ბოლოს |
| 653 ## - INDEX TERM--UNCONTROLLED |
| Uncontrolled term |
ფინანსური ეკონომიკა |
| 653 ## - INDEX TERM--UNCONTROLLED |
| Uncontrolled term |
გლობალური ეკონომიკის თანმდევი პრობლემები |
| 653 ## - INDEX TERM--UNCONTROLLED |
| Uncontrolled term |
რეგიონული ეკონომიკის პრობლემები |
| 653 ## - INDEX TERM--UNCONTROLLED |
| Uncontrolled term |
ტურიზმის ინდუსტრიის გამოწვევები |
| 653 ## - INDEX TERM--UNCONTROLLED |
| Uncontrolled term |
ეკონომიკური პოლიტიკის აქტუალური მიმართულებები |
| 942 ## - ADDED ENTRY ELEMENTS (KOHA) |
| Source of classification or shelving scheme |
|
| Koha item type |
წიგნი |